[Event "5th Washington Int 2016"]
[Site "Rockville USA"]
[Date "2016.08.13"]
[Round "1.1"]
[White "Smirin, Ilia"]
[Black "Gauri, Shankar"]
[Result "1-0"]
[WhiteTitle "GM"]
[BlackTitle "FM"]
[WhiteElo "2687"]
[BlackElo "2346"]
[WhiteFideId "2801990"]
[BlackFideId "5041350"]
[EventDate "2016.08.13"]

1. e4 c6 2. Ne2 g6 3. d4 Bg7 4. Nbc3 d5 5. e5 Na6 6. Nf4 Nc7 7. Bd3 Ne6 8. Nce2
h5 9. O-O Nh6 10. c4 O-O 11. cxd5 cxd5 12. Qb3 Nc7 13. Bd2 b6 14. Rac1 Bf5 15.
Rc6 Ne6 16. Nxe6 Bxe6 17. Rxe6 fxe6 18. Bxg6 Qc8 19. Qh3 Rf5 20. Ng3 Ng4 1-0

[Event "5th Washington Int 2016"]
[Site "Rockville USA"]
[Date "2016.08.13"]
[Round "1.3"]
[White "Sevian, Samuel"]
[Black "Wang, Kevin"]
[Result "1-0"]
[WhiteTitle "GM"]
[BlackTitle "FM"]
[WhiteElo "2600"]
[BlackElo "2339"]
[WhiteFideId "2040506"]
[BlackFideId "2008424"]
[EventDate "2016.08.13"]

1. e4 e5 2. Nf3 Nc6 3. Bb5 a6 4. Ba4 Nge7 5. O-O g6 6. c3 Bg7 7. d4 exd4 8. cxd4
O-O 9. Nc3 b5 10. Bb3 d6 11. Nd5 h6 12. Nxe7+ Nxe7 13. Be3 Bb7 14. d5 c6 15.
dxc6 Bxc6 16. Qd3 Bb7 17. Rad1 Qd7 18. Rfe1 Qg4 19. Bd4 Bxd4 20. Qxd4 Rad8 21.
Qf6 Qd7 22. Ne5 dxe5 23. Rxd7 Rxd7 24. Be6 Rc7 25. Qxe5 Rc6 26. Bd7 1-0

[Event "5th Washington Int 2016"]
[Site "Rockville USA"]
[Date "2016.08.13"]
[Round "1.4"]
[White "Brodsky, David"]
[Black "Moradiabadi, Elshan"]
[Result "1/2-1/2"]
[WhiteTitle "FM"]
[BlackTitle "GM"]
[WhiteElo "2320"]
[BlackElo "2595"]
[WhiteFideId "2073250"]
[BlackFideId "12501255"]
[EventDate "2016.08.13"]

1. e4 e5 2. Nf3 Nc6 3. Bb5 a6 4. Ba4 Nf6 5. O-O Be7 6. d3 b5 7. Bb3 d6 8. a3 Na5
9. Ba2 c5 10. Nc3 O-O 11. Bg5 Bb7 12. Bxf6 Bxf6 13. Nd5 c4 14. dxc4 Nxc4 15.
Bxc4 bxc4 16. Qd2 Rb8 17. Rfd1 Bxd5 18. Qxd5 Qc8 19. b3 cxb3 20. cxb3 Rb5 21.
Qxd6 Rxb3 22. Rac1 Qb7 23. Nxe5 Be7 24. Qd5 Bxa3 25. Qxb7 Rxb7 26. Rc6 Ra8 27.
Nc4 Bf8 28. g3 a5 29. Nb6 Re8 30. Ra1 Ra7 31. Rc4 Rb8 32. Nd5 f6 33. Rc7 Rxc7
34. Nxc7 Bd6 35. Nd5 Rb5 36. Ra4 Kf7 37. Rc4 Rc5 38. Ra4 Ke6 39. Kf1 Kd7 40. Ke2
Kc6 41. Kd3 f5 42. f3 fxe4+ 43. fxe4 Be5 44. Ra3 g5 45. Ne3 Kb5 46. Rb3+ Ka4 47.
Rb7 Rc3+ 48. Kd2 Rc7 49. Rb6 Bd4 50. Rd6 Bc5 51. Rd5 Bb4+ 52. Ke2 Kb3 53. Rb5 a4
54. Nd5 Rc4 55. e5 a3 56. Rxb4+ Rxb4 57. g4 1/2-1/2

[Event "5th Washington Int 2016"]
[Site "Rockville USA"]
[Date "2016.08.13"]
[Round "1.5"]
[White "Holt, Conrad"]
[Black "Li, Ben"]
[Result "0-1"]
[WhiteTitle "GM"]
[WhiteElo "2541"]
[BlackElo "2319"]
[WhiteFideId "2034387"]
[BlackFideId "2089980"]
[EventDate "2016.08.13"]

1. d4 d5 2. c4 e6 3. Nc3 Nf6 4. cxd5 exd5 5. Bg5 Be7 6. e3 c6 7. Bd3 O-O 8. Qc2
h6 9. Bh4 Re8 10. Nge2 Ne4 11. Bxe7 Qxe7 12. Bxe4 dxe4 13. Ng3 f5 14. O-O Na6
15. a3 Nc7 16. f3 exf3 17. Rxf3 Rf8 18. Raf1 Be6 19. Qf2 Rae8 20. h3 Rf7 21. Kh1
Qd7 22. Kh2 Nd5 23. Nxd5 Qxd5 24. Rc1 Qd6 25. Kg1 Ref8 26. h4 f4 27. Ne4 fxe3
28. Qxe3 Rxf3 29. gxf3 Qd8 30. Qf2 Bd5 31. Re1 Rf4 32. Kg2 Rxh4 33. Ng3 Qd7 34.
Rd1 h5 35. Rd3 Qh3+ 36. Kg1 Rf4 37. Qg2 Qe6 38. Kf2 Qg6 39. Re3 Rxd4 40. Qh3
Rd2+ 41. Re2 Rxe2+ 42. Nxe2 Qf7 43. b4 g5 44. Nd4 g4 45. Qh4 Qg7 46. Ne2 gxf3
47. Nd4 Qg2+ 48. Ke3 Qg1+ 49. Kd2 Qg7 50. Ke3 Qe5+ 51. Kf2 Kg7 52. Kf1 Be4 53.
Qd8 Bd5 54. Qh4 Kg6 55. Qf2 Qf4 56. Qc2+ Kf6 57. Qc5 Kg6 58. Qc2+ Qe4 59. Qc3 h4
60. Kf2 b5 61. Qd2 Qg4 62. Qc2+ Kf6 63. Qc5 Qg3+ 64. Ke3 f2+ 65. Kd2 Qf4+ 66.
Kc2 f1=R 67. Qf8+ Kg6 68. Qe8+ Qf7 0-1

[Event "5th Washington Int 2016"]
[Site "Rockville USA"]
[Date "2016.08.13"]
[Round "1.8"]
[White "Kaufman, Larry C"]
[Black "Arun Prasad, S."]
[Result "0-1"]
[WhiteTitle "GM"]
[BlackTitle "GM"]
[WhiteElo "2299"]
[BlackElo "2491"]
[WhiteFideId "2000555"]
[BlackFideId "5011167"]
[EventDate "2016.08.13"]

1. e4 c5 2. Nf3 d6 3. d4 cxd4 4. Nxd4 Nf6 5. f3 e5 6. Nb3 a5 7. Bb5+ Bd7 8. a4
Be7 9. Nc3 O-O 10. Be3 Nc6 11. g4 Be6 12. g5 Nh5 13. Qd2 Bxb3 14. cxb3 Nd4 15.
Bxd4 exd4 16. Qxd4 Bxg5 17. Nd5 Nf4 18. O-O Rc8 19. Bc4 Nxd5 20. Bxd5 Bf4 21.
Kh1 Qh4 22. Rf2 Qh6 23. Rg2 Rc5 24. Rag1 Be5 25. Qd2 Qxd2 26. Rxd2 b6 27. Bc4
Rfc8 28. Rgd1 g6 29. Rd5 Kg7 30. Kg2 h5 31. h3 Bf4 32. Kf2 h4 33. Ke2 R8c7 34.
R1d3 Rxc4 35. bxc4 Rxc4 36. Rc3 Rxa4 37. Rb5 Ra1 38. Rxb6 Rh1 39. Rb7 Rh2+ 40.
Kd3 Rd2+ 41. Kc4 Be5 42. Ra3 Rh2 43. Rxa5 Rxh3 44. f4 Bxf4 45. Raa7 Be5 46.
Rxf7+ Kh6 47. Rh7+ Kg5 48. b4 Rc3+ 49. Kd5 Kg4 50. Rab7 g5 51. b5 h3 52. b6 Rc5+
53. Ke6 Rb5 54. Rh6 h2 55. Rbh7 Rxb6 56. Rh3 Rb2 57. R7h5 Rf2 58. Kd5 Re2 59.
Rh7 Bg3 60. R3h6 Bh4 0-1

[Event "5th Washington Int 2016"]
[Site "Rockville USA"]
[Date "2016.08.13"]
[Round "1.9"]
[White "Chandra, Akshat"]
[Black "Niemann, Hans M"]
[Result "1-0"]
[WhiteTitle "IM"]
[BlackTitle "FM"]
[WhiteElo "2489"]
[BlackElo "2298"]
[WhiteFideId "25006711"]
[BlackFideId "2093596"]
[EventDate "2016.08.13"]

1. d4 Nf6 2. c4 e6 3. Nf3 c5 4. d5 exd5 5. cxd5 d6 6. Nc3 g6 7. Bf4 a6 8. a4 Bg7
9. h3 O-O 10. e3 Ne8 11. Be2 Nd7 12. O-O Ne5 13. Nd2 f5 14. Bh2 b6 15. f4 Nf7
16. e4 fxe4 17. Ndxe4 Bd7 1-0

[Event "5th Washington Int 2016"]
[Site "Rockville USA"]
[Date "2016.08.13"]
[Round "2.1"]
[White "Checa, Nicolas D"]
[Black "Smirin, Ilia"]
[Result "1-0"]
[WhiteTitle "FM"]
[BlackTitle "GM"]
[WhiteElo "2405"]
[BlackElo "2687"]
[WhiteFideId "2069342"]
[BlackFideId "2801990"]
[EventDate "2016.08.13"]

1. d4 Nf6 2. Nf3 g6 3. c4 Bg7 4. Nc3 d6 5. e4 O-O 6. Be2 Nbd7 7. O-O e5 8. Be3
h6 9. dxe5 dxe5 10. h3 c6 11. Qc1 Kh7 12. Rd1 Qe7 13. c5 Nh5 14. Rd6 Nf4 15. Bc4
Nf6 16. Bxf4 exf4 17. Qxf4 Nd7 18. Qe3 b6 19. Rad1 Nxc5 20. e5 Qc7 21. Ne4 Nxe4
22. Qxe4 Bf5 23. Qh4 Rae8 24. e6 fxe6 25. Rd7 Qc8 26. Ba6 Qxa6 27. Ng5+ 1-0

[Event "5th Washington Int 2016"]
[Site "Rockville USA"]
[Date "2016.08.13"]
[Round "2.4"]
[White "Friedel, Joshua E"]
[Black "Sorkin, Igor"]
[Result "1/2-1/2"]
[WhiteTitle "GM"]
[BlackTitle "FM"]
[WhiteElo "2523"]
[BlackElo "2392"]
[WhiteFideId "2017199"]
[BlackFideId "2803283"]
[EventDate "2016.08.13"]

1. d4 d6 2. e4 Nf6 3. Nc3 e5 4. Nf3 Nbd7 5. Bc4 Be7 6. a4 c6 7. O-O O-O 8. Re1
exd4 9. Nxd4 Ne5 10. Bf1 Re8 11. Bf4 Bf8 12. a5 Bd7 13. h3 b5 14. axb6 axb6 15.
Bh2 b5 16. Rxa8 Qxa8 17. b3 Qa5 18. Re3 b4 19. Na4 c5 20. Nf5 Qc7 21. Re1 Nxe4
22. Nxg7 Bxg7 23. Rxe4 Re6 24. Re3 Bc6 25. Bg3 Rg6 26. Kh2 f5 27. Qe1 Be4 28.
Rxe4 fxe4 29. Qxe4 Qe7 30. Bd3 Rh6 31. Nb6 Qd8 32. Nd5 Nxd3 33. cxd3 Qd7 34.
Ne7+ Kf8 35. Nf5 Rf6 36. Qa8+ Kf7 37. Qd5+ Re6 38. Nxd6+ Kg8 39. Qxc5 Bf8 40.
Qg5+ Rg6 41. Qd5+ Re6 42. Qg5+ Rg6 43. Qd5+ Qe6 44. Qxe6+ Rxe6 1/2-1/2

[Event "5th Washington Int 2016"]
[Site "Rockville USA"]
[Date "2016.08.13"]
[Round "2.5"]
[White "Arun Prasad, S."]
[Black "Mulyar, Michael A."]
[Result "1/2-1/2"]
[WhiteTitle "GM"]
[BlackTitle "IM"]
[WhiteElo "2491"]
[BlackElo "2388"]
[WhiteFideId "5011167"]
[BlackFideId "2008742"]
[EventDate "2016.08.13"]

1. d4 d5 2. c4 c6 3. Nf3 Nf6 4. Nbd2 Bf5 5. Nh4 Be6 6. e3 g6 7. Be2 Bg7 8. O-O
O-O 9. Nhf3 h6 10. b3 c5 11. Bb2 Ne4 12. Rc1 Nd7 13. Qc2 Nxd2 14. Qxd2 dxc4 15.
bxc4 cxd4 16. exd4 Bg4 17. h3 Bxf3 18. Bxf3 Qc7 19. Ba3 Rfe8 20. c5 Rad8 21. d5
Ne5 22. Be2 Nc6 23. Bb5 Rf8 24. d6 Qd7 25. Rfd1 Rfe8 26. Bxc6 bxc6 27. Qc2 Be5
28. Qa4 exd6 29. cxd6 c5 30. Qa6 Bxd6 31. Bxc5 Re6 1/2-1/2

[Event "5th Washington Int 2016"]
[Site "Rockville USA"]
[Date "2016.08.14"]
[Round "3.2"]
[White "Sevian, Samuel"]
[Black "Kiewra, Keaton F"]
[Result "1/2-1/2"]
[WhiteTitle "GM"]
[BlackTitle "IM"]
[WhiteElo "2600"]
[BlackElo "2426"]
[WhiteFideId "2040506"]
[BlackFideId "2019280"]
[EventDate "2016.08.13"]

1. e4 c5 2. Nf3 d6 3. d4 Nf6 4. Nc3 cxd4 5. Nxd4 g6 6. Be3 Bg7 7. f3 O-O 8. Qd2
Nc6 9. O-O-O d5 10. Qe1 e6 11. h4 Qc7 12. Ndb5 Qa5 13. h5 dxe4 14. fxe4 a6 15.
h6 Bh8 16. Nd4 Ng4 17. Nxc6 bxc6 18. Nd5 Qd8 19. Nb6 Qf6 20. Bd4 Qg5+ 21. Qd2
Qxd2+ 22. Rxd2 Bxd4 23. Rxd4 Ra7 24. Be2 Ne5 25. Rhd1 Rc7 26. Rd8 Bb7 27. Nc4
Nxc4 28. Bxc4 c5 29. e5 Bxg2 30. Bxa6 Bd5 31. Rxf8+ Kxf8 32. c4 Be4 33. Rd8+ Ke7
34. Rh8 g5 35. Rg8 Bg6 36. Bb5 f5 37. Rg7+ Kd8 38. Rg8+ Ke7 39. Rg7+ Kd8 40.
Rg8+ Ke7 41. Kd2 g4 42. Ke3 Bf7 43. Ra8 g3 44. Kf3 f4 45. a4 Bh5+ 46. Kg2 Bg6
47. Rg8 Be4+ 48. Kg1 Bg6 49. Kg2 Be4+ 50. Kg1 Bg6 51. Rg7+ Kd8 52. Rg8+ 1/2-1/2

[Event "5th Washington Int 2016"]
[Site "Rockville USA"]
[Date "2016.08.14"]
[Round "3.3"]
[White "Shetty, Atulya"]
[Black "Yang, Darwin"]
[Result "1/2-1/2"]
[WhiteTitle "FM"]
[BlackTitle "IM"]
[WhiteElo "2409"]
[BlackElo "2488"]
[WhiteFideId "2031213"]
[BlackFideId "2029111"]
[EventDate "2016.08.13"]

1. c4 c5 2. g3 Nc6 3. Bg2 g6 4. Nc3 Bg7 5. Nf3 e6 6. d4 cxd4 7. Nb5 d5 8. cxd5
exd5 9. O-O Nge7 10. Nbxd4 O-O 11. Be3 Re8 12. Rc1 Nf5 13. Nxf5 Bxf5 14. Nd4
Nxd4 15. Bxd4 Bxd4 16. Qxd4 Rxe2 17. Bxd5 Be6 18. Rfd1 Bxd5 19. Rc5 Qb6 20. Rxd5
Rxb2 21. Rd7 Qxd4 22. R1xd4 Rxa2 23. Rxb7 Rf8 1/2-1/2

[Event "5th Washington Int 2016"]
[Site "Rockville USA"]
[Date "2016.08.14"]
[Round "3.4"]
[White "Checa, Nicolas D"]
[Black "Bregadze, Levan"]
[Result "1/2-1/2"]
[WhiteTitle "FM"]
[BlackTitle "IM"]
[WhiteElo "2405"]
[BlackElo "2465"]
[WhiteFideId "2069342"]
[BlackFideId "13603264"]
[EventDate "2016.08.13"]

1. Nf3 Nf6 2. c4 e6 3. d4 b6 4. g3 Bb7 5. Bg2 Bb4+ 6. Bd2 c5 7. Bxb4 cxb4 8. O-O
a5 9. a3 Na6 10. axb4 Nxb4 11. Nc3 O-O 12. b3 Ne4 13. Nb5 d5 14. Nd2 Nxd2 15.
Qxd2 Bc6 16. Na3 Rc8 17. Rfc1 Qe7 18. Nc2 dxc4 19. Nxb4 Bxg2 20. Kxg2 c3 21.
Rxc3 Qxb4 22. Rac1 b5 23. Qd3 Rxc3 24. Qxc3 Qxc3 25. Rxc3 Ra8 26. Kf3 Kf8 27.
Ke4 a4 28. bxa4 bxa4 29. Ra3 Ke7 30. Kd3 Kd6 31. Kc4 f5 32. h4 g6 33. f3 e5 34.
e3 h6 35. dxe5+ Kxe5 36. Kb5 g5 37. hxg5 hxg5 38. Kc6 Kf6 39. Kb5 g4 40. f4 Ke6
41. Kc4 Kd6 42. e4 fxe4 43. Kd4 e3 44. Kxe3 Kd5 45. f5 Ke5 46. f6 Ra7 47. f7
Rxf7 48. Rxa4 1/2-1/2

[Event "5th Washington Int 2016"]
[Site "Rockville USA"]
[Date "2016.08.14"]
[Round "3.5"]
[White "Sorkin, Igor"]
[Black "Moradiabadi, Elshan"]
[Result "0-1"]
[WhiteTitle "FM"]
[BlackTitle "GM"]
[WhiteElo "2392"]
[BlackElo "2595"]
[WhiteFideId "2803283"]
[BlackFideId "12501255"]
[EventDate "2016.08.13"]

1. d4 Nf6 2. Nf3 c5 3. d5 g6 4. Nc3 Bg7 5. e4 O-O 6. a4 d6 7. h3 e6 8. Be2 exd5
9. exd5 Na6 10. Nd2 Re8 11. O-O Nb4 12. Nc4 Bf5 13. Ne3 Rxe3 14. fxe3 Bxc2 15.
Qd2 Qe7 16. Bd1 Bd3 17. Be2 Ne4 18. Nxe4 Bxe4 19. Bf3 Re8 20. a5 Nxd5 21. Bxe4
Qxe4 22. Rd1 Nxe3 23. Qxe3 Qxe3+ 24. Bxe3 Rxe3 25. a6 b5 26. Rxd6 Bxb2 27. Rd8+
Kg7 28. Rb1 Bd4 29. Rxb5 Re8+ 30. Rxd4 cxd4 0-1

[Event "5th Washington Int 2016"]
[Site "Rockville USA"]
[Date "2016.08.14"]
[Round "3.6"]
[White "Mulyar, Michael A."]
[Black "Friedel, Joshua E"]
[Result "1/2-1/2"]
[WhiteTitle "IM"]
[BlackTitle "GM"]
[WhiteElo "2388"]
[BlackElo "2523"]
[WhiteFideId "2008742"]
[BlackFideId "2017199"]
[EventDate "2016.08.13"]

1. Nf3 Nf6 2. c4 b6 3. d4 e6 4. g3 Bb7 5. Bg2 Be7 6. O-O O-O 7. Re1 Na6 8. Nc3
Ne4 9. Bd2 d5 10. cxd5 exd5 11. Rc1 Re8 12. a3 c5 13. dxc5 Bxc5 14. e3 Bf8 15.
b4 Nc7 16. Nd4 Qd7 17. Nxe4 dxe4 18. Qc2 Rac8 19. Qb1 b5 20. Red1 a6 21. Bc3 Nd5
22. Bb2 Nb6 23. Nc6 Qe6 24. Na5 Bd5 25. Bd4 Nc4 26. Nxc4 Bxc4 27. Bf1 Bxf1 28.
Rxf1 h5 29. h4 Qg4 30. Rxc8 Rxc8 31. Rc1 Rxc1+ 32. Qxc1 g6 33. Qc7 Qd1+ 34. Kg2
Qg4 1/2-1/2

[Event "5th Washington Int 2016"]
[Site "Rockville USA"]
[Date "2016.08.14"]
[Round "3.7"]
[White "Ostrovskiy, Aleksandr A"]
[Black "Arun Prasad, S."]
[Result "1/2-1/2"]
[WhiteTitle "IM"]
[BlackTitle "GM"]
[WhiteElo "2384"]
[BlackElo "2491"]
[WhiteFideId "2034239"]
[BlackFideId "5011167"]
[EventDate "2016.08.13"]

1. e4 c5 2. Nf3 d6 3. Bb5+ Nd7 4. O-O a6 5. Bd3 Ngf6 6. Re1 e6 7. c3 b5 8. a4 c4
9. Be2 Bb7 10. axb5 axb5 11. Rxa8 Bxa8 12. d3 Qb8 13. b4 Be7 14. Nbd2 d5 15.
exd5 Nxd5 16. Qc2 cxd3 17. Bxd3 N7f6 18. Ne4 Nxe4 19. Bxe4 h6 20. Nd4 O-O 21.
Qd3 Rd8 22. Bb2 Bf6 23. Qxb5 Bxd4 24. Qxb8 Rxb8 25. Bxd5 Bxd5 26. cxd4 Rxb4 27.
Re2 g5 28. f3 Kg7 29. Kf2 Kg6 30. Rd2 Rb3 31. Rc2 h5 32. h3 f6 1/2-1/2

[Event "5th Washington Int 2016"]
[Site "Rockville USA"]
[Date "2016.08.14"]
[Round "3.8"]
[White "Chandra, Akshat"]
[Black "Sheng, Joshua"]
[Result "1-0"]
[WhiteTitle "IM"]
[BlackTitle "FM"]
[WhiteElo "2489"]
[BlackElo "2394"]
[WhiteFideId "25006711"]
[BlackFideId "2057360"]
[EventDate "2016.08.13"]

1. e4 c5 2. Nf3 d6 3. d4 cxd4 4. Nxd4 Nf6 5. Nc3 g6 6. g3 Bg7 7. Bg2 O-O 8. O-O
Bd7 9. h3 Nc6 10. Nde2 Rc8 11. Nd5 Nxd5 12. exd5 Ne5 13. c3 b5 14. b3 b4 15. Be3
Bf5 16. c4 Nd7 17. Nd4 Nc5 18. Qd2 a5 19. Rfe1 Bd7 20. Bh6 Bxh6 21. Qxh6 e5 22.
dxe6 fxe6 23. Nf3 Bc6 24. Ng5 Qe7 25. Bxc6 Rxc6 26. Rad1 Rc7 27. Ne4 Qf7 28. Qd2
Nxe4 29. Rxe4 Rd7 30. Rf4 Qe7 31. Rxf8+ Kxf8 32. Qd4 Kg8 33. c5 d5 34. c6 Rc7
35. Qb6 Qd6 36. Rc1 Kf7 37. Qxa5 Rxc6 38. Rxc6 Qxc6 39. Qxb4 Qc1+ 40. Kg2 Qa1
41. a4 d4 42. a5 d3 43. Qb7+ Kf8 44. a6 d2 45. a7 d1=Q 46. a8=Q+ Qxa8 47. Qxa8+
Kg7 48. Qb7+ Kh6 49. Qf3 Qd8 50. Qe3+ 1-0

[Event "5th Washington Int 2016"]
[Site "Rockville USA"]
[Date "2016.08.14"]
[Round "4.2"]
[White "Bregadze, Levan"]
[Black "Sevian, Samuel"]
[Result "1/2-1/2"]
[WhiteTitle "IM"]
[BlackTitle "GM"]
[WhiteElo "2465"]
[BlackElo "2600"]
[WhiteFideId "13603264"]
[BlackFideId "2040506"]
[EventDate "2016.08.13"]

1. Nf3 d5 2. g3 c6 3. Bg2 Bg4 4. d4 Nf6 5. O-O e6 6. Nbd2 Be7 7. Re1 O-O 8. c3
Bh5 9. e4 a6 10. Qb3 Qc7 11. Ne5 Re8 12. c4 Bf8 13. h3 dxe4 14. Nxe4 Nxe4 15.
Bxe4 Nd7 16. Bf4 Nxe5 17. Bxh7+ Kxh7 18. Rxe5 Qd7 19. Rxh5+ Kg8 20. Be3 g6 21.
Rg5 Bh6 22. Rg4 Bg7 23. Rd1 b5 24. d5 bxc4 25. dxc6 Qxc6 26. Rxc4 Qb5 27. Rc7
Qxb3 28. axb3 Be5 29. Rc6 Reb8 1/2-1/2

[Event "5th Washington Int 2016"]
[Site "Rockville USA"]
[Date "2016.08.14"]
[Round "4.3"]
[White "Moradiabadi, Elshan"]
[Black "Tang, Andrew"]
[Result "1-0"]
[WhiteTitle "GM"]
[BlackTitle "IM"]
[WhiteElo "2595"]
[BlackElo "2441"]
[WhiteFideId "12501255"]
[BlackFideId "2059630"]
[EventDate "2016.08.13"]

1. d4 d5 2. c4 e6 3. Nf3 Nf6 4. g3 Be7 5. Bg2 O-O 6. O-O dxc4 7. Ne5 Nc6 8. Nxc6
bxc6 9. Na3 Bxa3 10. bxa3 Ba6 11. Qd2 Rb8 12. Qa5 Rb6 13. a4 Qc8 14. Ba3 Rd8 15.
e3 Qb7 16. Rfd1 Nd5 17. Rac1 Nb4 18. Qg5 Qb8 19. Bxb4 Rxb4 20. Bxc6 Rd6 21. d5
exd5 22. Bxd5 Qe8 23. e4 h6 24. Qe3 Rxa4 25. Qxa7 Qe7 26. e5 Rd8 27. e6 fxe6 28.
Bxe6+ Kh8 29. Rxd8+ Qxd8 30. Rb1 Bb5 31. Qc5 c6 32. Re1 Qf6 33. Bc8 Qf7 34. Rd1
Qe8 35. Qb6 Qxc8 36. Rd8+ Qxd8 37. Qxd8+ Kh7 38. Qd2 c3 39. Qxc3 Rxa2 40. Kg2
Ra4 41. Qc2+ Kh8 42. Qf5 Rd4 43. g4 Bc4 44. h4 Bd5+ 45. Kg3 Be4 46. Qe5 Rb4 47.
f4 Rb3+ 48. Kf2 Bd5 49. g5 hxg5 50. fxg5 Rf3+ 51. Ke1 Kh7 52. h5 Rf8 53. Qd6
Re8+ 54. Kd2 Be4 55. Qf4 Rd8+ 56. Kc3 Re8 57. Kd4 Bc2 58. Kc5 Be4 59. Kd6 Bc2
60. Kxc6 Bb1 61. Kd6 Bc2 62. Kd7 Rh8 63. Ke7 Bb1 64. g6+ Bxg6 65. hxg6+ Kxg6 66.
Qg4+ 1-0

[Event "5th Washington Int 2016"]
[Site "Rockville USA"]
[Date "2016.08.14"]
[Round "4.4"]
[White "Kiewra, Keaton F"]
[Black "Chandra, Akshat"]
[Result "1-0"]
[WhiteTitle "IM"]
[BlackTitle "IM"]
[WhiteElo "2426"]
[BlackElo "2489"]
[WhiteFideId "2019280"]
[BlackFideId "25006711"]
[EventDate "2016.08.13"]

1. d4 Nf6 2. Bg5 d5 3. e3 c6 4. Nf3 Bg4 5. Be2 Nbd7 6. O-O e6 7. Nbd2 Be7 8. c4
O-O 9. Rc1 Re8 10. h3 Bh5 11. a3 Ne4 12. Bf4 Nxd2 13. Qxd2 dxc4 14. Rxc4 Bxf3
15. Bxf3 e5 16. Bg3 Nb6 17. Rc3 exd4 18. Rd3 Bf6 19. exd4 Nd5 20. Rb3 Qd7 21.
Bxd5 Qxd5 22. Rxb7 c5 23. Rc7 cxd4 24. Qd3 h5 25. b4 h4 26. Bf4 Re4 27. Bd2 Be7
28. Rfc1 Bd6 29. Rc8+ Re8 30. Rxa8 Rxa8 31. Be3 Be5 32. Rc5 Qe6 33. Bd2 Re8 34.
Rc1 Bf6 35. a4 Qa2 36. a5 Qd5 37. b5 g6 38. b6 axb6 39. axb6 Rb8 40. Rb1 Qc5 41.
b7 Qc7 42. Qe4 Be5 43. Rc1 Qd6 44. Rc8+ 1-0

[Event "5th Washington Int 2016"]
[Site "Rockville USA"]
[Date "2016.08.14"]
[Round "4.5"]
[White "Yang, Darwin"]
[Black "Checa, Nicolas D"]
[Result "1/2-1/2"]
[WhiteTitle "IM"]
[BlackTitle "FM"]
[WhiteElo "2488"]
[BlackElo "2405"]
[WhiteFideId "2029111"]
[BlackFideId "2069342"]
[EventDate "2016.08.13"]

1. d4 d5 2. c4 c6 3. Nf3 Nf6 4. e3 Bf5 5. Nc3 a6 6. Qb3 Ra7 7. Nh4 Bg6 8. Nxg6
hxg6 9. Qc2 e6 10. Bd2 Nbd7 11. c5 e5 12. Be2 Be7 13. h3 Qc7 14. b4 Nf8 15. dxe5
Qxe5 16. O-O Ne6 17. f4 Qc7 18. e4 dxe4 19. Nxe4 Nd4 20. Nxf6+ Bxf6 21. Qe4+ Qe7
22. Qxe7+ Kxe7 23. Bc4 Rd8 24. Rad1 Raa8 25. g4 Kf8 26. g5 Be7 27. Bc3 Nf5 28.
Kf2 a5 29. Rxd8+ Bxd8 30. Rd1 axb4 31. Bxb4 Be7 32. Rd7 Rb8 33. Ke2 Ke8 1/2-1/2

[Event "5th Washington Int 2016"]
[Site "Rockville USA"]
[Date "2016.08.14"]
[Round "4.7"]
[White "Friedel, Joshua E"]
[Black "Ostrovskiy, Aleksandr A"]
[Result "1/2-1/2"]
[WhiteTitle "GM"]
[BlackTitle "IM"]
[WhiteElo "2523"]
[BlackElo "2384"]
[WhiteFideId "2017199"]
[BlackFideId "2034239"]
[EventDate "2016.08.13"]

1. d4 d5 2. c4 e6 3. Nf3 c6 4. Bg5 Be7 5. Bxe7 Qxe7 6. Nbd2 Nf6 7. g3 O-O 8. Bg2
b6 9. O-O Bb7 10. Qb3 Nbd7 11. Rfe1 c5 12. Qa3 e5 13. dxe5 Nxe5 14. Nxe5 Qxe5
15. cxd5 Nxd5 16. Nc4 Qc7 17. Rad1 Nb4 18. Bxb7 Qxb7 19. Qb3 Rad8 20. Rxd8 1/2-1/2

[Event "5th Washington Int 2016"]
[Site "Rockville USA"]
[Date "2016.08.14"]
[Round "4.8"]
[White "Arun Prasad, S."]
[Black "Song, Michael"]
[Result "1/2-1/2"]
[WhiteTitle "GM"]
[BlackTitle "FM"]
[WhiteElo "2491"]
[BlackElo "2373"]
[WhiteFideId "5011167"]
[BlackFideId "2613190"]
[EventDate "2016.08.13"]

1. d4 f5 2. g3 Nf6 3. Bg2 g6 4. Nf3 Bg7 5. O-O O-O 6. c4 d6 7. Nc3 c6 8. Re1 Ne4
9. Qc2 Nxc3 10. bxc3 e5 11. dxe5 dxe5 12. Ba3 e4 13. Rad1 Nd7 14. Bxf8 Qxf8 15.
Nd4 Nc5 16. f3 Qe7 17. Qb1 Qe5 18. f4 Qe7 19. Qb4 Bf8 20. Nb3 Be6 21. Bf1 a5 22.
Qxc5 Qxc5+ 23. Nxc5 Bxc5+ 24. e3 a4 25. Kf2 a3 26. Rb1 b6 27. Red1 Kf7 28. h3 h6
29. Be2 Ke7 30. Rd2 Rh8 31. Rd4 Ra8 32. Rd2 Rh8 1/2-1/2

[Event "5th Washington Int 2016"]
[Site "Rockville USA"]
[Date "2016.08.14"]
[Round "4.9"]
[White "Rozman, Levy"]
[Black "Ashwin, Jayaram"]
[Result "0-1"]
[BlackTitle "GM"]
[WhiteElo "2359"]
[BlackElo "2465"]
[WhiteFideId "2039877"]
[BlackFideId "5018137"]
[EventDate "2016.08.13"]

1. d4 Nf6 2. c4 e6 3. Nf3 d5 4. Nc3 Nbd7 5. Qc2 c6 6. Bg5 h6 7. Bf4 dxc4 8. e4
b5 9. a4 Bb4 10. Be2 Bb7 11. O-O a6 12. Rfd1 O-O 13. Ne5 Re8 14. Bf3 Nxe5 15.
Bxe5 Nd7 16. Bg3 Bxc3 17. Qxc3 Qe7 18. Qa5 e5 19. Qc7 Rab8 20. Bg4 Nf6 21. Qxe7
Rxe7 22. Bf5 Nd7 23. d5 cxd5 24. axb5 axb5 25. exd5 Rd8 26. d6 Ree8 27. Ra7 Nc5
28. Bh4 g5 29. Bg3 Be4 30. Rc7 Bxf5 31. Rxc5 f6 32. Rxb5 Bd3 33. h4 Rxd6 34.
hxg5 hxg5 35. b3 cxb3 36. Rxb3 Red8 37. Rc1 Kf7 38. Rb7+ Ke6 39. Ra7 Rb8 40.
Raa1 Rb2 41. Re1 Rdb6 42. Rad1 Be2 43. Rd8 Rc6 44. Rf8 Rc5 45. Rg8 Kf7 46. Ra8
f5 47. f3 f4 48. Bf2 Rcc2 49. Ra7+ Kf6 50. g3 Bxf3 0-1